LDR 00914naa#a2200193#i#450# 001 RU\\bibl\120154 005 20260602152104.2 011 ## _a2500-4026 100 ## _a20230331b2023####ek#y0rusy0150####ca 101 0# _aRUS 102 ## _aRU 200 1# _aИССЛЕДОВАНИЕ ВЛИЯНИЯ ТЕМПЕРАТУРНОГО ВОЗДЕЙСТВИЯ НА ХОЛОДНОДЕФОРМИРОВАННЫЕ СТАЛЬНЫЕ ИЗДЕЛИЯ МАГНИТНЫМ МЕТОДОМ _eЖурнальная статья 210 1# _aЖелезногорск _cФГБОУ ВО Сибирская пожарно-спасательная академия ГПС МЧС России _d2023 215 ## _a5 с. 608 ## _aЖурнальная статья _2local 675 ## _aХарактер пожара, причины, процесс. 614.841 _zRUS 700 #1 _aТалай _gИ Я 700 #1 _aДолгушина _gЛ В 856 4# _aapbt-sibpsa.editorum.ru _u